01559nas a2200241Ia 4500001001100000003001000011008004100021040002500062041001300087100002800100210003400128222003400162245007600196250001100272260004000283300001200323310001600335362003700351500039600388501011400784520039600898650002301294R248-R3438IT-CnALBA170116c99999999xx |||||||||||| ||und|| aIT-CnALBAcIT-CnALBA aITALIANO aD'URSO P. GIACINTO, OP. aRIVISTA DI ASCETICA E MISTICA aRIVISTA DI ASCETICA E MISTICA 0aRIVISTA DI ASCETICA E MISTICA. N. 2-3. ANNO XI. APRILE SETTEMBRE 1986.  a1a ed. a FIRENZEbCONVENTO SAN MARCO c1986 a128 p.  aTRIMESTRALE aFascicolo: 2-3 / Anno: 11 (1986) aS. ANNA MADRE DELL'IMMACOLATA. MARIA STELLA NEL CAMMINO. SILENZIO MISTICO. CRISTOLOGIA DELLA SOFFERENZA. SENSO ECCLESIALE DEGLI ECONOMI RELIGIOSI. LA BIBBIA NEI SERMONI DI TAULERO. S. ANSELMO TRA GRAZIA E LIBERO ARBITRIO. TESTAMENTO DEL BEATO COLOMBINI. IL CRISTIANO ANONIMO. DELL'OMO M. ROMANO V. TURCHI A. GIARDINI F. THOREL R. ANTIGNANI G. CRUDI A. TESTI BIBLICI E TRADUZIONI LITURGICHE.  aSocietà San Paolo EM - Piazza San Paolo, 14 - 12051 ALBA (CN) (non commercial uses only) ® Copyright 2017 aS. ANNA MADRE DELL'IMMACOLATA. MARIA STELLA NEL CAMMINO. SILENZIO MISTICO. CRISTOLOGIA DELLA SOFFERENZA. SENSO ECCLESIALE DEGLI ECONOMI RELIGIOSI. LA BIBBIA NEI SERMONI DI TAULERO. S. ANSELMO TRA GRAZIA E LIBERO ARBITRIO. TESTAMENTO DEL BEATO COLOMBINI. IL CRISTIANO ANONIMO. DELL'OMO M. ROMANO V. TURCHI A. GIARDINI F. THOREL R. ANTIGNANI G. CRUDI A. TESTI BIBLICI E TRADUZIONI LITURGICHE.  aASCETICA E MISTICA